000 00488nam a2200181Ia 4500
008 180207s9999 xx 000 0 und d
020 _a9780333521007
050 _bS126 1988
100 _aSadler, Marilyn
245 _aAlistair underwater /
245 _cby Marilyn Sadler ; illustrated by Roger Bollen.
260 _aGreat Britain :
260 _bHamish Hamilton Children's Book,
260 _c1988
300 _aunpaged :
300 _bcolor illustration ;
300 _c28cm.
999 _c355495
_d355495